| Tag |
First Indicator |
Second Indicator |
Subfields |
| LEADER |
00000cam a2200000 a 4500 |
| 001 |
in00000635813 |
| 005 |
20151015054038.0 |
| 008 |
790823s1977 dcua b 00110 engm |
| 010 |
|
|
|a 79312738
|
| 020 |
|
|
|c $4.00
|
| 035 |
|
|
|a (OCoLC)05401764
|
| 035 |
|
|
|9 ACU7197AM
|
| 040 |
|
|
|a DLC
|c DLC
|d TXA
|d UtOrBLW
|
| 043 |
|
|
|a f-nr---
|a n-us---
|
| 049 |
|
|
|a TXAM
|c [1671487]
|
| 050 |
0 |
0 |
|a LB2970.N55
|b M37
|
| 082 |
0 |
|
|a 371.2/009669
|
| 100 |
1 |
|
|a Margolis, Alan M.
|
| 245 |
1 |
0 |
|a Nigeria :
|b a study of the educational system of Nigeria and a guide to the academic placement of students in educational institutions of the United States /
|c Alan M. Margolis.
|
| 264 |
|
1 |
|a [Washington] :
|b International Education Activities Group of the American Association of Collegiate Registrars and Admissions Officers,
|c 1977.
|
| 300 |
|
|
|a ix, 117 pages :
|b illustrations ;
|c 23 cm.
|
| 336 |
|
|
|a text
|b txt
|2 rdacontent
|
| 337 |
|
|
|a unmediated
|b n
|2 rdamedia
|
| 338 |
|
|
|a volume
|b nc
|2 rdacarrier
|
| 490 |
1 |
|
|a World education series
|
| 504 |
|
|
|a Includes bibliographical references and index.
|
| 650 |
|
0 |
|a School management and organization
|z Nigeria.
|
| 650 |
|
0 |
|a School credits
|z United States.
|
| 710 |
2 |
|
|a American Association of Collegiate Registrars and Admission Officers.
|b International Education Activities Group.
|
| 830 |
|
0 |
|a World education series.
|
| 999 |
|
|
|a MARS
|
| 999 |
f |
f |
|s b25876e2-91bc-3acf-99eb-eeb259558063
|i 6208151c-05cc-370b-86f0-61bf4a749e4e
|t 0
|
| 952 |
f |
f |
|p ric
|a Texas A&M University
|b Rellis Campus
|c Joint Library Facility
|d Remote Storage
|t 0
|e LB2970.N55 M37
|h Library of Congress classification
|i unmediated -- volume
|m A14803298803
|
| 998 |
f |
f |
|a LB2970.N55 M37
|t 0
|l Remote Storage
|